Most medzi vydavateľmi a čitateľmi HN hovoria s prevádzkovým riaditeľom Slovenskej pošty, š.p., Jozefom Vavrekom

Podrobná bibliografia
Hlavní autori: Tolnayová, Mária (ain), Vavrek, Jozef (Autor)
Médium: Článok
Jazyk:slovenčina
ISSN:1335-4701
Predmet:

MARC

LEADER 00000nab a2200000 a 4500
001 vtls000779101
003 SK-MaSNL
005 20260302152555.0
008 140301c2001 xo 0 slo
015 |a SNBRB2002/01-01696 
035 |a CLN000130870 
040 |a SNKBUCL  |b slo  |c SNKBUCL  |e AACR2 
041 0 |a slo 
044 |a xo  |c SK 
080 |a 655.424(437.6)  |2 1997 
080 |a 656.886(437.6)  |2 1997 
100 1 |a Tolnayová, Mária  |4 ain  |9 841538 
245 1 0 |a Most medzi vydavateľmi a čitateľmi  |b HN hovoria s prevádzkovým riaditeľom Slovenskej pošty, š.p., Jozefom Vavrekom  |c Mária Tolnayová 
610 7 |a Poštová obchodná novinová spoločnosť (Slovensko)  |2 snkbucl  |9 846132 
655 7 |a články z novín a časopisov  |2 snkbucl  |9 267496 
700 1 |a Vavrek, Jozef  |4 aut  |9 826874 
773 0 |t Hospodárske noviny  |g Roč. 9, č. 244 (18.12.2001), s. 1 a 3  |x 1335-4701 
850 |a Slovenská národná knižnica v Martine 
852 |a SNK  |b KIS3GCP 
958 |a SK 
992 |a RBX 
999 |c 1362995  |d 1364925